Normal view
MARC view
Entry Personal Name
001 - CONTROL NUMBER
- control field: 1044
003 - CONTROL NUMBER IDENTIFIER
- control field: BD-RjUL
005 - DATE AND TIME OF LATEST TRANSACTION
- control field: 20220201103212.0
008 - FIXED-LENGTH DATA ELEMENTS
- fixed length control field: 220201|| aca||aabn | a|a d
040 ## - CATALOGING SOURCE
- Original cataloging agency: BD-RjUL
- Transcribing agency: BD-RjUL
100 ## - HEADING--PERSONAL NAME
- Personal name: Adeeb, Khaleda ;; اديب، خالده
670 ## - SOURCE DATA FOUND
- Source citation: Work cat.: (BD-RjUL)79299: Adeeb, Khaleda ;; اديب، خالده, قميص من نار ;; qamis min nar /, 1341